Vista normal Vista MARC

Entrada Topical Term

Número de registros utilizados en: 1

001 - CONTROL NUMBER

  • control field: 8249

003 - CONTROL NUMBER IDENTIFIER

  • control field: OSt

005 - DATE AND TIME OF LATEST TRANSACTION

  • control field: 20200803121437.0

008 - FIXED-LENGTH DATA ELEMENTS

  • fixed length control field: 200803|| aca||aabn | a|a d

040 ## - CATALOGING SOURCE

  • Original cataloging agency: OSt
  • Transcribing agency: OSt

150 ## - HEADING--TOPICAL TERM

  • Topical term or geographic name entry element: Novela colombiana

670 ## - SOURCE DATA FOUND

  • Source citation: Work cat.: (OSt)3782: Vargas Vila, José María, autor 8248, Aura o las violetas : , 1996